000 01402nam a2200241 a 4500
001 000045329
005 20230511100335.0
008 150303s2014 dr ac r 000 0 spa d
020 _a9789945462753
040 _aDO-SdBNP
_bspa
_cBNPHU
082 _axxxx
_bxxxx
245 0 0 _aTributo a Hostos :
_b(textos en su memoria) /
_ccompilador Miguel A. Collado.
260 _aSanto Domingo :
_bCPEP,
_c2014.
300 _a281 p. :
_bil. ;
_c22 cm.
490 1 _aPublicación de la Comisión Permanente de Efemérides Patrias 2004-2014
_v42
500 _aIncluye índice onomástico
500 _aIncluye referencias bibliográficas y notas al pie de las páginas.
500 _aIncluye datos biográficos del autor en las solapas.
505 0 _aPresentación --
_tPrefacio --
_tMí tributo a Hostos --
_tTributo de los Henríquez y Carvajal --
_tTributo de los Henríquez Ureña --
_tTributo de dos discípulos aventajados --
_tApéndice I --
_tCronología de Eugenio María de Hostos (1839-1903): Instituto de estudios Hostosianos de Puerto Rico --
_tApéndice II --
_tIconografía familia de Hostos --
_tApéndice III --
_tBibliohemerografía bostosiana de autores dominicanos (1876-2014) --
590 _aInventariado, 2019/BT
710 1 2 _aRepública Dominicana
_bComisión Permanente de Efemérides Patria
_945309
830 0 _aPublicación de la Comisión Permanente de Efemérides Patrias 2004-2014
_n42
_973351
999 _c44818
_d44818